LEADER 01007cam1 22002411 450 001 SOBE00073528 005 20221020065553.0 100 $a20221018g18641865|||||ita|0103 ba 101 $aita 102 $aIT 200 1 $aCrestomazia italiana, cioč scelta di luoghi insigni o per sentimento o per locuzione raccolti dagli scritti italiani di autori eccellenti di ogni secolo$fper cura di Giacomo Leopardi 210 $aPalermo$cGiuseppe Pedone Lauriel e Co.$d1864-1865 215 $a2 volumi in 4$d19 cm 463 1$1001SOBE00073530$12000 $a<<1: >>Crestomazia prosaica / per cura di Giacomo Leopardi 463 1$1001SOBE00073569$12000 $a<<2: >>Crestomazia poetica / per cura di Giacomo Leopardi 500 10$aCrestomazia italiana$3SOBA00025603$9142397 700 1$aLeopardi$b, Giacomo <1798-1837>$3AF00006808$4070$0292683 801 0$aIT$bUNISOB$c20221020$gRICA 912 $aSOBE00073528 940 $aM 102 Monografia moderna SBN 941 $aM 996 $aCrestomazia italiana$9142397 997 $aUNISOB